El Congreso Africanista en Madrid : (Record no. 193652)

MARC details
000 -LEADER
campo de control de longitud fija 01017nab a2200253 i 4500
001 - NÚMERO DE CONTROL
campo de control 193652
003 - IDENTIFICADOR DE NÚMERO DE CONTROL
campo de control ES-MaACL
005 - FECHA Y HORA DE LA ÚLTIMA TRANSACCIÓN
campo de control 20250827212848.0
007 - CAMPO FIJO DE DESCRIPCIÓN FÍSICA--INFORMACIÓN GENERAL
campo de control de longitud fija t|
008 - DATOS DE LONGITUD FIJA--INFORMACIÓN GENERAL
campo de control de longitud fija 240201s1910 sp 00010 spa d
040 ## - FUENTE DE CATALOGACIÓN
Centro catalogador/agencia de origen ES-MaACL
Centro/agencia transcriptor ES-MaACL
245 03 - MENCIÓN DEL TÍTULO
Título El Congreso Africanista en Madrid :
Resto del título aspecto del salón de actos del Ateneo durante la sesión inaugural verificada ayer tarde /
Mención de responsabilidad, etc. fot., Alba
260 ## - PUBLICACIÓN, DISTRIBUCIÓN, ETC.
Lugar de publicación, distribución, etc. [Madrid] :
Nombre del editor, distribuidor, etc. ABC,
Fecha de publicación, distribución, etc. [1910]
300 ## - DESCRIPCIÓN FÍSICA
Extensión 1 página :
Otras características físicas 1 ilustración ;
Dimensiones 30 cm
500 ## - NOTA GENERAL
Nota general Fotocopia de la página con la fotografía "El Congreso Africanista en Madrid", publicada en "ABC", 13 de diciembre de 1910
610 24 - PUNTO DE ACCESO ADICIONAL DE MATERIA--NOMBRE DE ENTIDAD CORPORATIVA
Nombre de entidad corporativa o nombre de jurisdicción como elemento de entrada Ateneo de Madrid-
Subdivisión de forma Conferencias-
Subdivisión cronológica 1900-1939
9 (RLIN) 1907
611 24 - PUNTO DE ACCESO ADICIONAL DE MATERIA--NOMBRE DE REUNIÓN/CONGRESO
Nombre de congreso/reunión o jurisdicción como elemento de entrada Congreso Africanista
Número del congreso/reunión o número de parte o sección (4º.
Fecha del congreso o de la firma del tratado 1910.
Sede del congreso/Lugar de la reunión Madrid)
9 (RLIN) 149886
650 #7 - PUNTO DE ACCESO ADICIONAL DE MATERIA--TÉRMINO DE MATERIA
Término de materia o nombre geográfico como elemento de entrada Africanistas
Fuente del encabezamiento o término embne
9 (RLIN) 235171
655 #4 - TERMINO DE INDIZACIÓN--GENERO/FORMA
Datos o término principal de género/forma Fotografías
9 (RLIN) 242033
700 1# - ENTRADA AGREGADA--NOMBRE PERSONAL
Nombre de persona Alba, Ramón,
Fechas asociadas al nombre -1919
Término indicativo de función/relación Fotógrafo
9 (RLIN) 235130
852 4# - LOCALIZACIÓN
Ubicación ES-MaACL
Ubicación en estantería Depósito folletos
Número de control de estantería 2347-F-26
itemnumber 201161
942 ## - ELEMENTOS DE ENTRADA SECUNDARIOS (KOHA)
Tipo de ítem Koha Artículo de prensa
Fuente del sistema de clasificación o colocación Clasificación decimal universal
Suprimir en OPAC No
Holdings
Estatus retirado Estado de pérdida Fuente del sistema de clasificación o colocación Estado de daño No para préstamo Colección Biblioteca de origen Biblioteca actual Ubicación en estantería Fecha de adquisición Total de préstamos Signatura topográfica completa Código de barras Visto por última vez Tipo de ítem Koha
    Clasificación decimal universal     Fondo Ateneo de Madrid Biblioteca del Ateneo de Madrid Biblioteca del Ateneo de Madrid Depósito folletos 01/02/2024   2347-F-26 101206617 01/02/2024 Artículo de prensa